00529nam a2200145Ia 4500003000400000008004100004040001600045082001800061100004000079245013600119260005500255490000500310650003800315650003000353GCL140319s9999 xx 000 0 ara d aGCL / cGCL04a251.12bح م1 aحمزة محمد صالح عجاج10aمن وصايا الرسول صلى الله عليه وسلم خمس وخمسون وصية / cحمزة محمد صالح عجاج a[S.N] : bمكتبة التراث الاسلامى a04aالشريعة الاسلامية04aالسنة النبوية